Southville International School and Colleges
Your cart is empty.
  • Cart
  • Lists
    Public lists Eva Luna New books Lux_list list_1
    Your lists Log in to create your own lists
  • Log in to your account
  • Your cookies
  • Search history
Southville International School and Colleges
  • Advanced search
  • Recent comments
  • Most popular
  • Libraries

Log in to your account

Log in with GOOGLE


If you do not have an external account, but do have a local account, you can still log in:

  1. Home
  2. MARC view: Pharmacotheraphy casebook :
Normal view MARC view ISBD view

Pharmacotheraphy casebook : (Record no. 117575)

[ view plain ]
MARC details
000 -LEADER
fixed length control field 00682nam a2200193Ia 4500
008 - FIXED-LENGTH DATA ELEMENTS--GENERAL INFORMATION
fixed length control field 140529s9999 xx 000 0 und d
020 ## - INTERNATIONAL STANDARD BOOK NUMBER
International Standard Book Number 9780071746267
050 ## - LIBRARY OF CONGRESS CALL NUMBER
Classification number RM 263
Item number .P56 2011
245 ## - TITLE STATEMENT
Title Pharmacotheraphy casebook :
Remainder of title a patient-focused approach /
Statement of responsibility, etc edited by Terry L. Schwinghammer, Julia M. Koehler
250 ## - EDITION STATEMENT
Edition statement 8th ed.
260 ## - PUBLICATION, DISTRIBUTION, ETC. (IMPRINT)
Place of publication, distribution, etc New York :
Name of publisher, distributor, etc McGraw-Hill, Medical,
Date of publication, distribution, etc c2011.
300 ## - PHYSICAL DESCRIPTION
Extent 450 p. :
Other physical details ill. ;
Dimensions 28 cm.
500 ## - GENERAL NOTE
General note Includes bibliographical references and index.
650 ## - SUBJECT ADDED ENTRY--TOPICAL TERM
Topical term or geographic name as entry element Disease management
General subdivision Case reports.
650 ## - SUBJECT ADDED ENTRY--TOPICAL TERM
Topical term or geographic name as entry element Drug therapy
General subdivision Case reports.
650 ## - SUBJECT ADDED ENTRY--TOPICAL TERM
Topical term or geographic name as entry element Drug therapy
General subdivision Examination questions.
942 ## - ADDED ENTRY ELEMENTS (KOHA)
Call number prefix Foreign
Koha item type Books
Holdings
Withdrawn status Lost status Damaged status Home library Current library Shelving location Date acquired Cost, normal purchase price Total Checkouts Total Renewals Full call number Barcode Date last seen Date checked out Price effective from Koha item type
      South SEED-LPDH College Library South SEED-LPDH College Library South SEED-LPDH College Section 05/30/2014 2445.00 5 2 RM 263 .P56 2011 SSLC1314 09/22/2018 09/21/2018 05/30/2014 Books

Pharmacotheraphy casebook :

APA

(2011). Pharmacotheraphy casebook. New York: McGraw-Hill, Medical.

Chicago

2011. Pharmacotheraphy casebook. New York: McGraw-Hill, Medical.

Harvard

(2011). Pharmacotheraphy casebook. New York: McGraw-Hill, Medical.

MLA

Pharmacotheraphy casebook. New York: McGraw-Hill, Medical. 2011.

  • Place hold
  • Print
  • Cite
  • Add to your cart (remove)
  • Save record
    BIBTEX Dublin Core MARCXML MARC (non-Unicode/MARC-8) MARC (Unicode/UTF-8) MARC (Unicode/UTF-8, Standard) MODS (XML) RIS
  • More searches
    Search for this title in:
    Other Libraries (WorldCat) Other Databases (Google Scholar) Online Stores (Bookfinder.com) Open Library (openlibrary.org)

Exporting to Dublin Core...

SOUTHVILLE LIBRARY

Southville International School and Colleges Library

1281 Tropical Ave. Cor. Luxembourg St., BF Homes International, Las Pinas City

Tel. No. 8256374 / 252358 Loc. 117/146

Powered by Koha